| 000 | 00738nam a22002297a 4500 | ||
|---|---|---|---|
| 005 | 20221128152858.0 | ||
| 008 | 221128b ||||| |||| 00| 0 eng d | ||
| 040 | _cAL | ||
| 041 | _aEnglish | ||
| 082 |
_223 _a305.563 _bMINN |
||
| 100 |
_aMinistry of Rural Development _964045 |
||
| 245 | _aNational Rural Employment Guarantee Act: Rozgar Sutra | ||
| 260 |
_aNew Delhi _bMinistry of Rural Development |
||
| 300 |
_a74 p. _bPB _c20.5x28 cm. |
||
| 650 |
_aManpower policy, Rural _964046 |
||
| 650 |
_aRural poor--Employment _964047 |
||
| 650 |
_aIndia _964048 |
||
| 650 |
_aBasic income _964049 |
||
| 650 |
_aNational Rural Employment Guarantee Act, 2005 _964050 |
||
| 700 |
_aMINISTRY OF RURAL DEVELOPMENT _964051 |
||
| 942 |
_2ddc _cGF |
||
| 999 |
_c225369 _d225369 |
||